000 00357nam a2200145 i 4500
001 84152
003 ES-MaACL
007 t|
008 041119s1933 fr ||||1| fre d
100 1 _aJaloux, Edmond.
_965955
245 1 0 _aVie de Goethe /
_cEdmond Jaloux.
260 _aParis :
_bPlon,
_c1933.
300 _a271 p. ;
_c20 cm.
852 _aES-MaACL
_jB-7760
999 _c84152
_d84152